Statistiken für Top-10-Singles von Rammstein

Klicken Sie hier um das Quiz zu spielen!

Allgemein

  • Dieses Quiz wurde 331 mal gespielt
  • Das Durchschnittsergebnis liegt bei 5 aus 10

Antwortstatistiken

ErscheinungsjahrTitel% Korrekt
1997Du hast
85%
2001Sonne
85%
1997Engel
81%
2004Amerika
55%
2009Pussy / Rammlied
50%
2004Mein Teil
44%
2005Benzin
40%
2012Mein Herz brennt
37%
2011Mein Land
31%
1997Das Modell
6%

Verteilung der Resultate

Perzentil nach korrekt beantworteten Fragen

Anzahl Personen mit jedem Resultat

Ihre Resultats-Entwicklung

Sie haben dieses Quiz noch nicht gespielt